000 06570nam a22005537a 4500
005 20080922101333.0
008 080922t xxu||||| |||| 00| 0 eng d
010 _aB-342498-525
020 _a8183571506
_c475.00
035 _aB-342498-525
037 _bUnique Publishers
040 _adpl
_bEnglish
082 _a540
245 _aUnique quintessence of Chemistry for U.P.S.C. Civil Services and State Public Services preliminary examinations and other competitive examinations :
_cedited by R. S.. Arora
_bcomperhensive study material topic- wise multiple choice questions with answers /
260 _aNew Delhi
_bUnique Publishers
_c2009
270 _aM-51, Lajpat Nagar-II,
_bNew Delhi
_e110024
_k29833520
_l46573070
_muniquepublishers@hotmail.com
300 _axx, 845p.
_c24cm. (pbk)
700 _aArora, R.S.
942 _2ddc
_cEN
_mUNI
_h540
999 _c23996
_d23996